| 000 | 00388nam a2200133 a 4500 | ||
|---|---|---|---|
| 005 | 20140412111406.0 | ||
| 008 | 070227s19uu xx 00 eng d | ||
| 020 | _a0-07-571677-1 | ||
| 050 |
_aTR(GS 372.4 _bMa394 2002 |
||
| 245 |
_aSRA Open court reading : _bUnits 1-8 assessment: Blackline masters. |
||
| 260 |
_aColumbus , Ohio : _bMcGrawhill, _c2002. |
||
| 300 | _a81 | ||
| 999 |
_c105552 _d105552 |
||